| 000 | 00525nam a2200193Ia 4500 | ||
|---|---|---|---|
| 003 | LDD | ||
| 008 | 181029s9999 xx 000 0 und d | ||
| 020 |
_a3540304495 _cE49.95 |
||
| 040 | _cLDD | ||
| 100 | _aKau, Weidong | ||
| 245 | 0 |
_aEnabling Technologies for Wireless E-Business _cWeidong Kau |
|
| 260 |
_aNew York _bSpringer _c2006 |
||
| 300 | _ax, 379p. | ||
| 365 | _bE 49.95 | ||
| 901 |
_a3713 _b17-01-2007 |
||
| 902 |
_a8604 _b24-01-2007 _cF _dOP _e4 |
||
| 903 |
_aDiscount-10 _bReqst by : Manohar Lal |
||
| 942 |
_2ddc _cBK |
||
| 999 |
_c77570 _d77570 |
||